| 000 | 00733nam a22001817a 4500 | ||
|---|---|---|---|
| 999 |
_c176580 _d176580 |
||
| 005 | 20210111121212.0 | ||
| 010 | _aENG-128742 | ||
| 020 |
_a978-93-534-3660-5 _c595.00 |
||
| 035 | _aEN-112274 | ||
| 037 | _bDBAD/PUB | ||
| 082 | _a350 | ||
| 100 | _aMahajan, Anupama Puri | ||
| 245 |
_aPublic Administration for Civil Services Main Examination: Optional Subject Paper II/ _bAnupama Puri Mahajan |
||
| 260 |
_aUttar Pradesh _bPearson India Education Services Pvt. Ltd. _c2020 |
||
| 270 |
_bUttar Pradesh _e201301 _a15th Floor, Tower-B, World Trade Tower, Plot No.- 1, Block-C, Sector-16, Noida _mcompanysecretary.india@pearson.com _k044-66540100 |
||
| 300 |
_aVarious Pages. _c25cm(pbk) |
||
| 942 |
_2ddc _cEN _h350 _mMAH |
||